5HLuxD.jpg

KING HENRY VIII SENIOR AND PRIMARY SCHOOL LIBRARY OPAC

Hope is our only wing / (Record no. 508)

000 -LEADER
fixed length control field 00814nam a22002057a 4500
005 - DATE AND TIME OF LATEST TRANSACTION
control field 20190819100931.0
008 - FIXED-LENGTH DATA ELEMENTS--GENERAL INFORMATION
fixed length control field 190819b ||||| |||| 00| 0 eng d
020 ## - INTERNATIONAL STANDARD BOOK NUMBER
International Standard Book Number 9781471406867
040 ## - CATALOGING SOURCE
Transcribing agency KH8
082 ## - DEWEY DECIMAL CLASSIFICATION NUMBER
Classification number FIC TAV
100 ## - MAIN ENTRY--PERSONAL NAME
Personal name Tavengerwei, Rutendo
245 ## - TITLE STATEMENT
Title Hope is our only wing /
Statement of responsibility, etc. Rutendo Tavengerwei
260 ## - PUBLICATION, DISTRIBUTION, ETC.
Place of publication, distribution, etc. London :
Name of publisher, distributor, etc. Hot Key Books,
Date of publication, distribution, etc. 2018.
300 ## - PHYSICAL DESCRIPTION
Extent 242 p.
Dimensions 20 cm.
520 ## - SUMMARY, ETC.
Summary, etc. A teen novel set in Zimbabwe about hope - and its power to heal a family, a friendship or even a nation.For fifteen-year-old Shamiso, struggling with grief and bewilderment following her father's death, hope is nothing but a leap into darkness.
650 ## - SUBJECT ADDED ENTRY--TOPICAL TERM
Topical term or geographic name entry element Juvenile fiction
Form subdivision People & Places
Geographic subdivision Africa.
650 ## - SUBJECT ADDED ENTRY--TOPICAL TERM
Topical term or geographic name entry element Juvenile fiction
Form subdivision Historical
Geographic subdivision Africa.
650 ## - SUBJECT ADDED ENTRY--TOPICAL TERM
Topical term or geographic name entry element Zimbabwe.
942 ## - ADDED ENTRY ELEMENTS (KOHA)
Source of classification or shelving scheme
Koha item type Books - Fiction
Holdings
Withdrawn status Lost status Source of classification or shelving scheme Damaged status Not for loan Collection code Permanent Location Current Location Shelving location Date acquired Total Checkouts Full call number Barcode Date last seen Date last checked out Price effective from Koha item type
          Fiction KH8 Senior School Library KH8 Senior School Library Fiction 2019-08-19 6 FIC TAV 3KHSL000100153 2025-07-02 2024-10-10 2019-08-19 Books - Fiction

Powered By KH8 IT Dept